<?xml version="1.0" encoding="UTF-8"?>
<collection xmlns="http://www.loc.gov/MARC21/slim">
 <record>
  <leader>02004nam a2200229 a 4500</leader>
  <controlfield tag="001">1/32669</controlfield>
  <controlfield tag="008">070524s2003    gr        i   00010 eng d</controlfield>
  <datafield tag="020" ind1=" " ind2=" ">
   <subfield code="a">9602721944</subfield>
  </datafield>
  <datafield tag="035" ind1=" " ind2=" ">
   <subfield code="l">35048</subfield>
  </datafield>
  <datafield tag="040" ind1=" " ind2=" ">
   <subfield code="a">GR-PeUP</subfield>
  </datafield>
  <datafield tag="082" ind1="0" ind2="0">
   <subfield code="a">343.052 ΚΥΠ</subfield>
  </datafield>
  <datafield tag="100" ind1="1" ind2=" ">
   <subfield code="a">Κυπραίος, Γεώργιος Μ.</subfield>
  </datafield>
  <datafield tag="245" ind1="1" ind2="0">
   <subfield code="a">Κώδικας φορολογίας εισοδήματος :</subfield>
   <subfield code="b">ενημερωμένος έως και το Ν3091/2002 (ΦΕΚ Α 330/24.12.2002) /</subfield>
   <subfield code="c">Γεώργιος Μ. Κυπραίος, Παρασκευάς Π. Μαρινάκης ; συνεργασία Πέτρος Πανταζόπουλος, Σοφία Παυλάκη.</subfield>
  </datafield>
  <datafield tag="260" ind1="0" ind2=" ">
   <subfield code="a">Αθήνα :</subfield>
   <subfield code="b">Νομική Βιβλιοθήκη,</subfield>
   <subfield code="c">2003.</subfield>
  </datafield>
  <datafield tag="300" ind1=" " ind2=" ">
   <subfield code="a">1023 σ. ;</subfield>
   <subfield code="c">24 εκ.</subfield>
  </datafield>
  <datafield tag="490" ind1="1" ind2=" ">
   <subfield code="a">Οικονομική Βιβλιοθήκη ;</subfield>
  </datafield>
  <datafield tag="500" ind1=" " ind2=" ">
   <subfield code="a">Περιέχει ευρετήριο.</subfield>
  </datafield>
  <datafield tag="500" ind1=" " ind2=" ">
   <subfield code="a">Κωδικοποίηση του Ν 2238/1994, όπως τροποποιήθηκε, συμπληρώθηκε και ισχύει σήμερα μετά το Ν 3091/2002, Προγενέστερες νομοθετικές διατάξεις Ν 2523/1997 (φορολογικό ποινολόγιο), Υπουργικές αποφάσεις και ερμηνευτικές εγκυκλίους κατ' άρθρο του Κώδικα Φορολογίας Εισοδήματος, Νομολογία των τελευταίων είκοσι ετών ταξινομημένη σε θεματικές ενότητες, Αναλυτικά χρονολογικά και αλφαβητικά ευρετήρια της παρατιθέμενης νομοθεσίας και νομολογίας.</subfield>
  </datafield>
  <datafield tag="650" ind1=" " ind2="4">
   <subfield code="a">Φόρος εισοδήματος.</subfield>
  </datafield>
  <datafield tag="700" ind1="1" ind2=" ">
   <subfield code="a">Μαρινάκης, Παρασκευάς.</subfield>
  </datafield>
  <datafield tag="830" ind1=" " ind2=" ">
   <subfield code="a">Οικονομική Βιβλιοθήκη.</subfield>
  </datafield>
  <datafield tag="852" ind1=" " ind2=" ">
   <subfield code="a">INST</subfield>
   <subfield code="b">UNIPILB</subfield>
   <subfield code="c">MAIN</subfield>
   <subfield code="e">20070524</subfield>
   <subfield code="h">343.052 ΚΥΠ</subfield>
   <subfield code="p">00152859</subfield>
   <subfield code="q">00152859</subfield>
   <subfield code="t">LOAN</subfield>
   <subfield code="y">0</subfield>
   <subfield code="4">1</subfield>
  </datafield>
 </record>
</collection>
